Central Library OPAC University of Rajshahi

The poetical works of Rupert Brooke / (Record no. 18154)

MARC details
000 -LEADER
fixed length control field 00806nam a2200253 a 4500
001 - CONTROL NUMBER
control field 18154
003 - CONTROL NUMBER IDENTIFIER
rucl marc code BD-RjUL
005 - DATE AND TIME OF LATEST TRANSACTION
control field 20211209000238.0
008 - FIXED-LENGTH DATA ELEMENTS--GENERAL INFORMATION
fixed length control field 140219s1946 enkacf 001 0 eng d
035 ## - SYSTEM CONTROL NUMBER
System control number OCLC ocm04699160 from D950421M
-- (BD-RjUL)18212
040 ## - CATALOGING SOURCE
Original cataloging agency DLC
Transcribing agency KSU
Modifying agency OCL
-- BD-RjUL
Language of cataloging eng
041 ## - LANGUAGE CODE
Language code of text/sound track or separate title eng
082 ## - DEWEY DECIMAL CLASSIFICATION NUMBER
Classification number 821.91
Author mark and year POE 1946
100 1# - MAIN ENTRY--PERSONAL NAME
Dates associated with a name 1887-1915.
9 (RLIN) 55906
245 14 - TITLE STATEMENT
Title The poetical works of Rupert Brooke /
Statement of responsibility, etc. edited by Geoffrey Keynes.
260 ## - PUBLICATION, DISTRIBUTION, ETC. (IMPRINT)
Place of publication, distribution, etc. London :
Name of publisher, distributor, etc. Faber and Faber,
Date of publication, distribution, etc. 1946.
300 ## - PHYSICAL DESCRIPTION
Pagination 208 p., 2 leaves of plates :
Illustrations ports. ;
Size 21 cm.
500 ## - GENERAL NOTE
General note Includes index.
General note "This edition first published in Mcmxlvi."
650 ## - SUBJECT ADDED ENTRY--TOPICAL TERM
Topical term or geographic name as entry element English poetry
9 (RLIN) 55907
700 1# - ADDED ENTRY--PERSONAL NAME
Personal name Keynes, Geoffrey,
Dates associated with a name 1887-1982.
942 ## - ADDED ENTRY ELEMENTS (KOHA)
Source of classification or shelving scheme Dewey Decimal Classification
Koha item type Books
Holdings
Lost status Source of classification or shelving scheme Damaged status Not for loan Collection code Permanent Location Current Location Shelving location Date acquired Source of acquisition Cost, normal purchase price Total Checkouts Full call number Date last seen Copy number Koha item type
  Dewey Decimal Classification   Not For Loan Fiction Central Library, University of Rajshahi Central Library, University of Rajshahi Reading Room 02/07/1968 Sweets & Zeitlinger 18.00   821.91 POE 1946 19/02/2014 C-1 Books